Second in the Franchise Quiz Stats

Quiz Updated Mar 11, 2016

Also try: Simple Sequels
Challenge
Share
Tweet
Embed
Score 0/24 Timer 06:00
1 Play Today
Movie Missing Link % Correct
Raiders of the Lost ArkIndiana Jones and the Temple of Doom
88.9%
The Lord of the Rings: The Fellowship of the RingThe Lord of the Rings: The Two Towers
88.7%
Star Wars: Episode IV - A New HopeStar Wars: Episode V - The Empire Strikes Back
88.6%
Meet the ParentsMeet the Fockers
86.3%
Harry Potter and the Sorcerer's StoneHarry Potter and the Chamber of Secrets
76.9%
AlienAliens
73.6%
The Bourne IdentityThe Bourne Supremacy
72.1%
Austin Powers: International Man of MysteryAustin Powers: The Spy Who Shagged Me
71.4%
BatmanBatman Returns
70.5%
The Hunger GamesThe Hunger Games: Catching Fire
68.4%
TwilightThe Twilight Saga: New Moon
67.3%
The MatrixThe Matrix Reloaded
65.8%
Movie Missing Link % Correct
The Silence of the LambsHannibal
64.9%
The Hobbit: An Unexpected JourneyThe Hobbit: The Desolation of Smaug
59.4%
Pirates of the Caribbean: The Curse of the Black PearlPirates of the Caribbean: Dead Man's Chest
59.2%
Shaun of the DeadHot Fuzz
55.2%
The TerminatorTerminator 2 Judgment Day
52.8%
TransformersTransformers: Revenge of the Fallen
41.3%
Mad MaxMad Max 2: The Road Warrior
41.1%
Ice AgeIce Age: The Meltdown
39.4%
Dr. NoFrom Russia With Love
36.8%
MadagascarMadagascar: Escape 2 Africa
24%
Resident EvilResident Evil: Apocalypse
16.6%
A Nightmare on Elm StreetA Nightmare on Elm Street 2: Freddy's Revenge
10.3%

You're not logged in!

Compare scores with friends on all Sporcle quizzes.
Join for Free
OR
Log In

You Might Also Like...

Show Comments

Extras

Top Quizzes Today


Score Distribution

Your Account Isn't Verified!

In order to create a playlist on Sporcle, you need to verify the email address you used during registration. Go to your Sporcle Settings to finish the process.

Report this User

Report this user for behavior that violates our Community Guidelines.

Details: